Vermont's At-Large Congressional District Reps by Picture - Statistics

General Stats
  • This quiz has been taken 7 times
    3 since last reset
  • The average score is 6 of 11
Answer Stats
Picture Hint Answer % Correct
2023-Present Becca Balint
100%
1991-2007 Bernie Sanders
100%
2007-2023 Peter Welch
100%
1975-1989 Jim Jeffords
67%
1934-1951 Charles A. Plumley
33%
1933 Ernest W. Gibson
33%
1989-1991 Peter Plympton Smith
33%
1972-1975 Richard W. Mallary
33%
1961-1971 Robert Stafford
33%
1959-1961 William Meyer
33%
1951-1959 Winston L. Prouty
33%
No matching quizzes found
Score Distribution
Percent of People with Each Score
Percentile by Number Answered
Your Score History
You have not taken this quiz since the last reset